[Event "AUTO-INT-3233"]
[Site "http://www.queenalice.com/game.php?id=1469821"]
[Date "2017.3.21"]
[Round "1"]
[White "philippecmp"]
[Black "vangogh"]
[Result "1-0"]
[WhiteElo "1356"]
[BlackElo "1443"]

1. d4 e5 2. dxe5 f6 3. exf6 Qxf6 4. Nf3 Nc6 5. c3 Bd6 6. Bg5 Qf7 7. Bh4 h6 8.
Nd4 g5 9. Bg3 Nf6 10. Bxd6 cxd6 11. Nf5 Ne4 12. Nxd6+ Nxd6 13. f3 Nc4 14. b3 Ne3
15. Qd3 Nd5 16. Nd2 O-O 17. e4 Nf4 18. Qe3 Qe6 19. O-O-O b6 20. g3 Ng6 21. Bc4
d5 22. Bxd5 Qxd5 23. exd5 Nce5 24. Qe4 Rf6 25. Rdf1 Bf5 26. Qd4 Rd8 27. f4 gxf4
28. gxf4 Bh3 29. fxe5 Rxf1+ 30. Nxf1 Rf8 31. Ne3 Nf4 32. Rg1+ Kh7 33. Qe4+ Kh8
34. Re1 a5 35. e6 Nh5 36. Qe5+ Ng7 37. Rg1 Rg8 38. e7 Bd7 39. Nc4 h5 40. Nd6 Kh7
41. Nf7 Be8 42. Ng5+ Kh6 43. h4 Bg6 44. d6 Ne8 45. d7 Rg7 46. d8=Q Rg8 47. Qe6
Rf8 48. Nf7+ Rxf7 49. Qxg6# 1-0

[Event "AUTO-INT-3233"]
[Site "http://www.queenalice.com/game.php?id=1469836"]
[Date "2017.3.21"]
[Round "1"]
[White "eloy"]
[Black "philippecmp"]
[Result "1-0"]
[WhiteElo "1733"]
[BlackElo "1396"]

1. e4 e5 2. Nf3 Nc6 3. Bb5 Nge7 4. Bxc6 Nxc6 5. c3 f6 6. d4 d6 7. dxe5 fxe5 8.
Bg5 Be7 9. Bxe7 Qxe7 10. Nbd2 Be6 11. O-O O-O-O 12. b3 Rhg8 13. Qc1 g5 14. c4
Qf7 15. a4 Bg4 16. h3 Bxf3 17. Nxf3 Nd4 18. Nxd4 exd4 19. f3 c6 20. a5 d5 21.
exd5 cxd5 22. c5 Rd7 23. c6 bxc6 24. Qxc6+ Rc7 25. Qa6+ Rb7 26. Qc6+ Rc7 27.
Qa6+ Kd8 28. Qd3 Rc3 29. Qxd4 Rxb3 30. Rad1 Rb5 31. Ra1 a6 32. f4 gxf4 33. Rxf4
Qg6 34. Qf6+ Qxf6 35. Rxf6 Rb2 36. Rf2 Rb3 37. Rd2 Rb5 38. Rd4 Kd7 39. g4 Kd6
40. Kg2 Re8 41. Kf3 Rb3+ 42. Kf4 Rxh3 43. Rb1 Kc5 44. Rbd1 Rd8 45. Ke5 Re3+ 46.
Kf4 Ra3 47. Ke5 Re3+ 48. Kf4 1-0

[Event "AUTO-INT-3233"]
[Site "http://www.queenalice.com/game.php?id=1469837"]
[Date "2017.3.21"]
[Round "1"]
[White "philippecmp"]
[Black "eloy"]
[Result "0-1"]
[WhiteElo "1393"]
[BlackElo "1736"]

1. d4 d5 2. e3 Nf6 3. c3 Nc6 4. Nf3 Bg4 5. h3 Bxf3 6. Qxf3 e6 7. Nd2 Bd6 8. Nb3
Ne4 9. Bd3 Ng5 10. Qd1 Ne4 11. Bxe4 dxe4 12. f3 Bg3+ 13. Kf1 Qf6 14. Nd2 exf3
15. gxf3 O-O 16. Ne4 Qg6 17. Nxg3 Qxg3 18. f4 Ne7 19. Qe1 Qxe1+ 20. Kxe1 Nf5 21.
Kf2 f6 22. b3 Nd6 23. Ba3 Rfe8 24. Rad1 Ne4+ 25. Kf3 Nxc3 26. Rd2 f5 27. Rc2 Nd5
28. e4 fxe4+ 29. Kxe4 c6 30. Ke5 Ne3 31. Re2 Nf5 32. Bb2 Ng3 33. Rhe1 Nxe2 34.
Rxe2 Rad8 35. Rc2 Rd5+ 36. Ke4 Rf8 37. Rf2 g5 38. Bc1 gxf4 39. Bxf4 Rdf5 40.
Rg2+ Kh8 41. Be5+ R5f6 42. Bxf6+ Rxf6 43. Ke5 Rh6 44. Rg3 a5 45. Kd6 e5+ 46. Kc5
exd4 0-1

[Event "AUTO-INT-3233"]
[Site "http://www.queenalice.com/game.php?id=1469846"]
[Date "2017.3.21"]
[Round "1"]
[White "Ricardoabreu"]
[Black "philippecmp"]
[Result "0-1"]
[WhiteElo "1468"]
[BlackElo "1335"]

1. b3 d5 2. Bb2 f6 3. e3 e5 4. g3 c6 5. Qe2 Ne7 6. e4 Qb6 7. Bg2 d4 8. d3 g6 9.
Bh3 f5 10. exf5 gxf5 11. Nf3 e4 12. dxe4 fxe4 13. Bxc8 exf3 14. Qe4 c5 15. Bg4
Nd7 16. Bxf3 O-O-O 17. Nd2 Nf6 18. Qe2 Ned5 19. a3 Re8 20. Ne4 Bh6 21. Nxf6
Rxe2+ 22. Bxe2 Qxf6 23. O-O Rg8 24. Bc1 d3 0-1

[Event "AUTO-INT-3233"]
[Site "http://www.queenalice.com/game.php?id=1469847"]
[Date "2017.3.21"]
[Round "1"]
[White "philippecmp"]
[Black "Ricardoabreu"]
[Result "1-0"]
[WhiteElo "1402"]
[BlackElo "1519"]

1. d4 g6 2. e4 e6 3. c3 b6 4. g3 Bb7 5. Bg2 Nf6 6. f3 d5 7. Nd2 dxe4 8. fxe4 Bg7
9. Qf3 Nxe4 10. Nxe4 h6 11. Qe2 O-O 12. Nf6+ Qxf6 13. Bxb7 Nd7 14. Bxa8 Rxa8 15.
Be3 c5 16. dxc5 bxc5 17. O-O-O Nb6 18. Bxc5 Qg5+ 19. Be3 Qe7 20. Nf3 Nd5 21. c4
Nxe3 22. Qxe3 Qb4 23. b3 Qa3+ 24. Kd2 Qb2+ 25. Ke1 Qxa2 26. Rf1 Qb2 27. Rf2 Qa3
28. Ne5 f5 29. Nxg6 Qb4+ 30. Rfd2 Re8 31. Qxa7 Bc3 32. Qe3 Bxd2+ 33. Rxd2 Rd8
34. Ne7+ Kf7 35. Nc6 Qxd2+ 36. Qxd2 Rxd2 37. Kxd2 Kf6 38. c5 e5 39. Nb4 e4 40.
Ke2 Ke5 41. c6 Kd6 42. Ke3 h5 43. Kf4 1-0

[Event "Challenge"]
[Site "http://www.queenalice.com/game.php?id=1470385"]
[Date "2017.3.25"]
[Round "-"]
[White "nonox"]
[Black "philippecmp"]
[Result "0-1"]
[WhiteElo "1306"]
[BlackElo "1423"]

1. d4 d5 2. e3 e6 3. Bd2 c6 4. Nf3 Qf6 5. Ne5 Nh6 6. Qh5 g6 7. Qf3 Qxf3 8. Nxf3
Bd6 9. Nh4 Nd7 10. Nc3 e5 11. dxe5 Bxe5 12. e4 dxe4 13. Bxh6 f5 14. Be3 O-O 15.
O-O-O Bf6 16. Bc4+ Kh8 17. g3 Bxh4 18. gxh4 Ne5 19. f4 b5 20. Bb3 Nf7 21. Bd4+
Kg8 22. a4 b4 23. Ne2 Bd7 24. Bc5 Rfd8 25. h5 Be8 26. Bxb4 Rdc8 27. Nd4 c5 28.
Bxc5 Rxc5 29. hxg6 hxg6 30. Rhg1 Kh7 31. Ne6 Ra5 32. Nc7 Rc8 33. Nxe8 Nh8 34.
Nf6+ Kg7 35. Ng4 fxg4 36. Rd7+ Kh6 37. Rxg4 Rh5 38. Be6 Re8 39. f5 gxf5 40. Rgg7
Rxe6 41. Rh7+ Kg5 42. Rdg7+ Kh4 43. c4 Ng6 44. c5 Rxh7 45. Rxh7+ Kg5 46. Rxa7 e3
47. Kd1 f4 48. Ke2 f3+ 49. Kxf3 e2 50. c6 e1=Q 51. c7 Qe3+ 52. Kg2 Qe2+ 53. Kh3
Re3# 0-1

[Event "AUTO-INT-3236"]
[Site "http://www.queenalice.com/game.php?id=1470927"]
[Date "2017.3.28"]
[Round "1"]
[White "philippecmp"]
[Black "siarango"]
[Result "0-1"]
[WhiteElo "1434"]
[BlackElo "1762"]

1. d4 d5 2. Nc3 Nf6 3. f3 e6 4. Bf4 a6 5. e4 Bb4 6. Ne2 dxe4 7. fxe4 Nxe4 8. a3
Nxc3 9. bxc3 Ba5 10. Qd3 Nc6 11. Qg3 Nxd4 12. Nxd4 g6 13. Be2 c5 14. Nb3 Bb6 15.
O-O O-O 16. Rad1 c4+ 17. Kh1 Bd7 18. Bxc4 Qc8 19. Be2 Kg7 20. Bf3 Qe8 21. Bxb7
Ra7 22. Be4 Bc6 23. Bxc6 Qxc6 24. Nd4 Bxd4 25. Rxd4 Rc8 26. Rfd1 f6 27. Rd8 e5
28. Rxc8 Qxc8 29. Be3 Rd7 30. Rxd7+ Qxd7 31. c4 Qd1+ 32. Bg1 Qxc2 33. Qe3 Qxc4
34. Qb6 Qf1 35. Qxa6 Qxa6 36. Bc5 e4 37. Kg1 Qe2 38. g3 e3 39. Bb4 Qf2+ 40. Kh1
Qf1# 0-1

[Event "AUTO-INT-3236"]
[Site "http://www.queenalice.com/game.php?id=1470942"]
[Date "2017.3.28"]
[Round "1"]
[White "philippecmp"]
[Black "victorlobo"]
[Result "0-1"]
[WhiteElo "1459"]
[BlackElo "1701"]

1. d4 d5 2. e3 Bf5 3. Nc3 Nc6 4. a3 e5 5. dxe5 Nxe5 6. Nxd5 c6 7. Nb4 Qxd1+ 8.
Kxd1 a5 9. Nd3 Nxd3 10. Bxd3 Bxd3 11. cxd3 Nf6 12. h3 O-O-O 13. Ke2 Bc5 14. Nf3
Rd5 15. e4 Rd7 16. Ne5 Re7 17. Ng4 Nxg4 18. hxg4 h6 19. Rb1 g6 20. b4 axb4 21.
axb4 Bb6 22. b5 cxb5 23. Rxb5 Bc7 24. g5 h5 25. f4 Re6 26. g3 f6 27. Bb2 Rf8 28.
gxf6 Bd8 29. Rc1+ Rc6 30. Rxc6+ bxc6 31. Rc5 Kb7 32. e5 Rh8 33. d4 Bb6 34. Rc4
h4 35. gxh4 Rxh4 36. Ke3 Rh3+ 37. Ke4 Rh2 38. Bc1 Rh7 39. f5 Rh4+ 40. Bf4 g5 41.
e6 Rxf4+ 42. Ke5 Bc7# 0-1

[Event "AUTO-INT-3236"]
[Site "http://www.queenalice.com/game.php?id=1470943"]
[Date "2017.3.28"]
[Round "1"]
[White "victorlobo"]
[Black "philippecmp"]
[Result "1-0"]
[WhiteElo "1752"]
[BlackElo "1429"]

1. e4 e5 2. Bc4 c6 3. Qf3 Nf6 4. Nh3 h6 5. d3 d5 6. exd5 cxd5 7. Bxd5 Nxd5 8.
O-O f6 9. Qh5+ Ke7 10. f4 Bxh3 11. Qxh3 Kf7 12. fxe5 Bc5+ 13. Kh1 Re8 14. exf6
Nxf6 15. Nd2 Re6 16. Ne4 Nd7 17. b3 Qc7 18. Nxf6 Nxf6 19. Bb2 Ke7 20. Bxf6+ Rxf6
21. Rae1+ Kf8 22. Rxf6+ gxf6 23. Qxh6+ Kg8 24. Qg6+ Qg7 25. Qxg7+ Kxg7 26. c3
Rd8 27. d4 Ba3 28. b4 b5 29. Re7+ Kf8 30. Rxa7 Re8 31. h4 Bb2 32. Rc7 Bc1 33.
Rh7 Re1+ 34. Kh2 Bf4+ 35. g3 Re2+ 36. Kh3 Bd2 37. Rb7 Bxc3 38. Rxb5 Bxd4 39. a4
Be5 40. Ra5 Re3 41. Ra8+ Ke7 42. Ra7+ Kd8 43. Rg7 f5 44. Rg8+ Kc7 45. h5 f4 46.
h6 1-0

[Event "AUTO-INT-3236"]
[Site "http://www.queenalice.com/game.php?id=1470944"]
[Date "2017.3.28"]
[Round "1"]
[White "philippecmp"]
[Black "qxr"]
[Result "0-1"]
[WhiteElo "1337"]
[BlackElo "1700"]

1. d4 Nf6 2. Nc3 d5 3. f3 c6 4. e3 e6 5. Nh3 h6 6. Nf2 Be7 7. Bd3 O-O 8. O-O c5
9. dxc5 Bxc5 10. e4 Nc6 11. exd5 Nxd5 0-1

[Event "AUTO-INT-3236"]
[Site "http://www.queenalice.com/game.php?id=1470945"]
[Date "2017.3.28"]
[Round "1"]
[White "qxr"]
[Black "philippecmp"]
[Result "0-1"]
[WhiteElo "1652"]
[BlackElo "1375"]

1. d4 d5 2. c4 dxc4 3. e4 Nf6 4. e5 Nd5 5. Bxc4 e6 6. Nf3 f6 7. O-O c6 8. Bd2 b5
9. Bb3 Nd7 10. Nc3 N7b6 11. Re1 Be7 12. Ne2 O-O 13. a3 Nc4 14. Bc3 Nxc3 15. bxc3
fxe5 16. Bxc4 bxc4 17. Qa4 Qd5 18. Nxe5 Bb7 19. Nf4 Rxf4 20. g3 c5 21. Qxc4 Qg2#
0-1

[Event "AUTO-INT-3210"]
[Site "http://www.queenalice.com/game.php?id=1471964"]
[Date "2017.4.5"]
[Round "2"]
[White "NickThorp"]
[Black "philippecmp"]
[Result "1-0"]
[WhiteElo "1575"]
[BlackElo "1415"]

1. e4 e5 2. Nf3 Nc6 3. Bb5 Nge7 4. d3 f6 5. O-O d6 6. Nc3 Bd7 7. h3 a6 8. Ba4 f5
9. Bg5 fxe4 10. dxe4 h6 11. Bh4 g5 12. Bg3 Ng6 13. a3 Bg7 14. Nd5 b5 15. Bb3 Rb8
16. Qd2 Nd4 17. Nxd4 exd4 18. c3 dxc3 19. Nxc3 a5 20. Bd5 b4 21. axb4 axb4 22.
Ne2 c5 23. Bxd6 Rb6 24. Bxc5 Rb5 25. Ra8 Rb8 26. Rxb8 Qxb8 27. Bxb4 Ne5 28. Bc3
Qd6 29. Bxe5 Qxe5 30. Nc3 Bb5 31. Nxb5 Qxb2 32. Bc6+ Ke7 33. Qd7+ Kf6 34. Qf5+
Ke7 35. Qd7+ Kf6 36. e5+ Kg6 37. e6 Bf6 38. Qf7+ Kf5 39. e7 g4 40. hxg4+ Kxg4
41. e8=Q Rxe8 42. Qg6+ Bg5 43. Bxe8 h5 44. Qxh5+ Kf4 45. g3+ Kf5 46. Nd6+ Kf6
47. Qh8+ Ke7 48. Qxb2 Kxd6 49. Rd1+ Ke7 50. Re1+ 1-0

[Event "AUTO-INT-3210"]
[Site "http://www.queenalice.com/game.php?id=1471965"]
[Date "2017.4.5"]
[Round "2"]
[White "philippecmp"]
[Black "NickThorp"]
[Result "0-1"]
[WhiteElo "1405"]
[BlackElo "1585"]

1. e4 e5 2. Nf3 Nc6 3. Bc4 d6 4. Ng5 Qxg5 5. O-O Nf6 6. f3 Bh3 7. Rf2 Be6 8. d3
Qh5 9. Bxe6 fxe6 10. Nc3 Nd4 11. Nb5 Nxb5 12. c3 O-O-O 13. Be3 g6 14. d4 exd4
15. cxd4 e5 16. dxe5 dxe5 17. Qa4 a6 18. g4 Nxg4 19. fxg4 Qxg4+ 20. Rg2 Qf3 21.
Bf2 Bh6 22. Rg3 Qe2 23. b3 Rd1+ 24. Rxd1 Qxd1+ 25. Kg2 Bf4 26. Rf3 Nd4 27. Bxd4
Qe2+ 28. Rf2 Qxe4+ 29. Kg1 exd4 30. h3 Qe1+ 31. Kg2 Be3 32. Rf7 Qe2+ 33. Kg3 d3
34. Qc4 Bf2+ 35. Rxf2 Qe5+ 36. Kg2 Qg5+ 37. Kf1 d2 38. Qc2 Rd8 39. Rxd2 Rxd2 40.
Qe4 Qg2+ 41. Qxg2 Rxg2 42. Kxg2 Kd7 43. Kg3 Ke6 44. Kg4 Kf6 45. a4 h5+ 46. Kh4
Kf5 47. a5 g5+ 0-1

[Event "AUTO-INT-3210"]
[Site "http://www.queenalice.com/game.php?id=1471968"]
[Date "2017.4.5"]
[Round "2"]
[White "philippecmp"]
[Black "JoseMessias"]
[Result "0-1"]
[WhiteElo "1431"]
[BlackElo "1814"]

1. e4 e5 2. Nf3 Nc6 3. Ng5 Qxg5 4. d3 Qg6 5. Nc3 Nd4 6. Be3 Bb4 7. Bd2 d6 8. Nd5
Bxd2+ 9. Qxd2 Ne6 10. g3 c6 11. Nb4 Nd4 12. Bg2 a5 13. c3 axb4 14. cxd4 exd4 15.
Qxb4 Qf6 16. O-O b5 17. Rac1 Ra4 18. Qb3 Be6 19. Qc2 c5 20. a3 Nh6 21. f3 O-O
22. Ra1 Rfa8 23. h3 b4 24. Qc1 bxa3 25. bxa3 Rxa3 26. Rxa3 Rxa3 27. Qxa3 g5 28.
f4 g4 29. f5 Bd7 30. Qa8+ Kg7 31. Rb1 Qg5 32. Rb7 Bc6 33. h4 Qe3+ 34. Kh2 Qxd3
35. Qb8 Bxb7 36. Qxb7 c4 37. Qd5 c3 38. Qxd6 c2 39. Qe5+ f6 40. Qe7+ Nf7 41. e5
Qxf5 42. exf6+ Qxf6 43. Qxf6+ Kxf6 44. Be4 c1=Q 45. Bxh7 Qd2+ 46. Kh1 d3 47. h5
Qe2 48. Bxd3 Qxd3 0-1

[Event "AUTO-INT-3210"]
[Site "http://www.queenalice.com/game.php?id=1471969"]
[Date "2017.4.5"]
[Round "2"]
[White "JoseMessias"]
[Black "philippecmp"]
[Result "0-1"]
[WhiteElo "1835"]
[BlackElo "1429"]

1. e4 e5 2. Nf3 Nc6 3. Bb5 Nge7 4. d3 d6 5. Bxc6+ Nxc6 6. Nc3 Be6 7. Ng5 h6 8.
Nxe6 fxe6 9. Qh5+ Kd7 10. Qf7+ Ne7 11. f4 exf4 12. Bxf4 Qe8 13. Qxe8+ Rxe8 14.
Nb5 a6 15. Nd4 e5 16. Bxe5 dxe5 17. Nf3 Nc6 18. O-O-O Bc5 19. Nh4 Rhf8 20. Ng6
Rf2 21. g3 Be3+ 22. Kb1 Kc8 23. Rde1 Bg5 24. h4 Be7 25. c3 Rf6 26. h5 Bc5 27.
Re2 Rd8 28. b4 Be7 29. d4 exd4 30. e5 Re6 31. a4 dxc3 32. b5 axb5 33. axb5 Nd4
34. Re3 Nxb5 35. Rf1 Bc5 36. Nf4 Bxe3 37. Nxe6 Rd5 38. Nxg7 Rxe5 39. Rf8+ Kd7
40. Rf7+ Kc6 41. Rf6+ Kd5 42. Kc2 Bd4 43. Kb3 Re3 44. Rf5+ Ke4 45. Rf4+ Kd3 46.
Ne6 c2 47. Nxd4 Nxd4+ 48. Kb2 c5 49. Rf6 Kd2 50. Rf2+ Ne2 51. Rf1 c1=Q+ 52. Rxc1
Nxc1 53. g4 Rb3+ 54. Ka1 Kc2 55. g5 Rb1# 0-1

[Event "AUTO-INT-3256"]
[Site "http://www.queenalice.com/game.php?id=1483005"]
[Date "2017.6.19"]
[Round "1"]
[White "od_xavier"]
[Black "philippecmp"]
[Result "1-0"]
[WhiteElo "1677"]
[BlackElo "1426"]

1. e4 e5 2. Nf3 f6 3. Bc4 c6 4. O-O d5 5. exd5 cxd5 6. Bxd5 Qxd5 7. Nc3 Qc5 8.
d3 Be6 9. Be3 Qc6 10. a3 Bd6 11. h3 e4 12. Nxe4 Be7 13. c4 Nd7 14. b4 b6 15. Nd4
Qc7 16. Nxe6 Qe5 17. Nxg7+ Kf7 18. Qh5+ Kxg7 19. Qg4+ Kf7 20. Qxd7 Kf8 21. Qb7
Rd8 22. Rad1 Nh6 23. Bxh6+ Ke8 24. Qc6+ Rd7 25. Qa8+ 1-0

[Event "AUTO-INT-3256"]
[Site "http://www.queenalice.com/game.php?id=1483006"]
[Date "2017.6.19"]
[Round "1"]
[White "philippecmp"]
[Black "od_xavier"]
[Result "0-1"]
[WhiteElo "1420"]
[BlackElo "1683"]

1. e4 e5 2. Bc4 Nf6 3. Nf3 d6 4. Ng5 d5 5. exd5 Nxd5 6. Qf3 Qxg5 7. Qxd5 Qf6 8.
O-O c6 9. Qd3 Be7 10. Nc3 O-O 11. Ne4 Qf4 12. g3 Qg4 13. Re1 a6 14. Nd6 Bxd6 15.
f3 Qd4+ 16. Qxd4 exd4 17. d3 Bh3 18. Re4 c5 19. Bd2 Nd7 20. c3 Nf6 21. Rh4 Be6
22. Bxe6 fxe6 23. Re1 e5 24. f4 exf4 0-1

[Event "AUTO-INT-3256"]
[Site "http://www.queenalice.com/game.php?id=1483033"]
[Date "2017.6.19"]
[Round "1"]
[White "philippecmp"]
[Black "carpielo"]
[Result "0-1"]
[WhiteElo "1453"]
[BlackElo "1468"]

1. e4 e5 2. Nf3 Bc5 3. Nxe5 Qf6 4. d4 Bxd4 5. Qxd4 Nc6 6. Qc4 Qxe5 7. Nc3 d6 8.
Nb5 Nf6 9. f3 O-O 10. Nxc7 Be6 11. Qd3 Rac8 12. Nb5 a6 13. Nc3 Nd4 14. Be2 Nxe2
15. Qxe2 Qa5 16. O-O Qc5+ 17. Kh1 Bc4 18. Qe1 Bxf1 19. Qxf1 Qc4 20. Qd1 Rfe8 21.
Qxd6 Qf1# 0-1

[Event "AUTO-INT-3256"]
[Site "http://www.queenalice.com/game.php?id=1483034"]
[Date "2017.6.19"]
[Round "1"]
[White "carpielo"]
[Black "philippecmp"]
[Result "1-0"]
[WhiteElo "1537"]
[BlackElo "1391"]

1. e4 e5 2. Bc4 f6 3. d4 c5 4. dxe5 fxe5 5. Bxg8 Rxg8 6. Nc3 d6 7. Nf3 Be6 8.
O-O Be7 9. Be3 h6 10. Nd5 Nc6 11. Nxe7 Qxe7 12. c3 O-O-O 13. g3 Bh3 14. Re1 Rgf8
15. Nd2 Qf7 16. f3 a6 17. Nc4 Qc7 18. f4 Rde8 19. Nxd6+ Kb8 20. Nxe8 Rxe8 21.
Bxc5 exf4 22. Bd6 Rd8 23. Bxc7+ Kxc7 24. Qh5 Be6 25. gxf4 1-0

[Event "Challenge"]
[Site "http://www.queenalice.com/game.php?id=1511906"]
[Date "2018.1.15"]
[Round "-"]
[White "crapaud93600"]
[Black "philippecmp"]
[Result "1-0"]
[WhiteElo "1722"]
[BlackElo "1388"]

1. e4 e5 2. Nf3 Nc6 3. c3 f6 4. d4 d6 5. d5 Nb8 6. h3 Ne7 7. Be3 c6 8. c4 Na6 9.
Nc3 c5 10. Bd3 Nb4 11. a3 Nxd3+ 12. Qxd3 b6 13. b4 Ba6 14. b5 Bb7 15. O-O a6 16.
a4 a5 17. Nh4 g6 18. f4 Bg7 19. f5 gxf5 20. Nxf5 Nxf5 21. Rxf5 Qd7 22. Qe2 O-O-O
23. g4 Kb8 24. Raf1 Bc8 25. Qg2 Qe7 26. R5f2 Rdf8 27. Ne2 h5 28. gxh5 Rxh5 29.
Ng3 Rhh8 30. Nf5 Bxf5 31. Rxf5 Bh6 32. Qf2 Rfg8+ 33. Kh1 Bf4 34. Bxf4 exf4 35.
Kh2 Qxe4 36. Rxf4 Qe5 37. Qf3 Rg6 38. Rg1 Rgh6 39. Rg3 Rf8 40. Qe3 Qb2+ 41. Rf2
Qxf2+ 42. Qxf2 Rh4 43. Rg4 Rxg4 44. hxg4 Kc8 45. g5 Rh8+ 46. Kg3 fxg5 47. Qf5+
Kc7 48. Qxg5 Re8 49. Qg7+ Kd8 50. Qa7 Re3+ 51. Kf4 Rc3 52. Qxb6+ Ke7 53. Qc7+
Ke8 54. Qxa5 Rxc4+ 55. Kf5 Rd4 56. Qa8+ Kd7 57. Qc6+ Ke7 58. b6 Rxa4 59. Qxa4
Kd8 60. b7 Ke7 61. b8=Q Kf7 62. Qd7# 1-0

[Event "Challenge"]
[Site "http://www.queenalice.com/game.php?id=1513820"]
[Date "2018.1.28"]
[Round "-"]
[White "philippecmp"]
[Black "Cateesalta"]
[Result "0-1"]
[WhiteElo "1385"]
[BlackElo "1773"]

1. d4 d5 2. Nf3 e6 3. c3 g6 4. e3 Bg7 5. Bb5+ Bd7 6. Bd3 Ne7 7. Nfd2 O-O 8. f3
Nf5 9. e4 Qh4+ 10. Ke2 dxe4 11. Bxe4 Bc6 12. g3 Qh3 13. Nf1 Qg2+ 14. Ke1 Qxh1
15. Qc2 Bh6 16. Bxh6 Nxh6 17. Qe2 Bxe4 18. fxe4 Re8 19. Nd2 f5 20. Rd1 Nd7 21.
Rc1 Nf6 22. Kd1 Nxe4 23. Nxe4 Qxe4 24. Qc4 c6 25. Rc2 Nf7 26. Re2 Qd5 27. Qb4
Rab8 28. Ne3 Qxa2 29. Kc2 a5 30. Qc5 a4 31. Nc4 Qa1 0-1

[Event "Challenge"]
[Site "http://www.queenalice.com/game.php?id=1518301"]
[Date "2018.3.4"]
[Round "-"]
[White "nonox"]
[Black "philippecmp"]
[Result "1-0"]
[WhiteElo "1317"]
[BlackElo "1408"]

1. e4 e5 2. Qh5 Qf6 3. d3 Bc5 4. Be3 Bb4+ 5. c3 Bf8 6. d4 d6 7. Bc4 g6 8. Qe2
Nh6 9. Qf3 Qxf3 10. Nxf3 f5 11. Nbd2 1-0